Landscapes in History Design and Planning in the Eastern and Western Traditions 2nd ed (Record no. 3776)
[ view plain ]
| 000 -LEADER | |
|---|---|
| fixed length control field | 00341nam a2200109Ia 4500 |
| 008 - FIXED-LENGTH DATA ELEMENTS--GENERAL INFORMATION | |
| fixed length control field | 200302s9999 xx 000 0 und d |
| 100 ## - MAIN ENTRY--PERSONAL NAME | |
| Personal name | Philip Pregill and Nancy Volkman |
| 245 ## - TITLE STATEMENT | |
| Title | Landscapes in History Design and Planning in the Eastern and Western Traditions 2nd ed |
| 260 ## - PUBLICATION, DISTRIBUTION, ETC. | |
| Name of publisher, distributor, etc. | John- Wiley & Sons, Inc., |
| 260 ## - PUBLICATION, DISTRIBUTION, ETC. | |
| Date of publication, distribution, etc. | 1999 |
| 300 ## - PHYSICAL DESCRIPTION | |
| Extent | 844 |
| Withdrawn status | Lost status | Source of classification or shelving scheme | Damaged status | Not for loan | Permanent Location | Current Location | Date acquired | Cost, normal purchase price | Full call number | Barcode | Date last seen | Price effective from | Koha item type | Public note |
|---|---|---|---|---|---|---|---|---|---|---|---|---|---|---|
| BMS College of Architecture, Design and Planning | BMS College of Architecture, Design and Planning | 2020-03-03 | 8041.30 | 304.23 | CL-UG67892 | 2020-03-03 | 2020-03-03 | UG Books from CL | S-14 |